Brazilian State Capitals by Population - Statistics

General Stats
  • This quiz has been taken 31 times
    27 since last reset
  • The average score is 21 of 27
Answer Stats
Answer State Population % Correct
Fortaleza Ceará 2,703,391
100%
Rio De Janeiro Rio De Janeiro 6,747,815
100%
São Paulo São Paulo 12,400,232
100%
Belo Horizonte Minas Gerais 2,721,564
92%
Brasília Distrito Federal 3,015,268
92%
Curitiba Paraná 1,948,626
92%
Manaus Amazonas 2,219,580
92%
Porto Alegre Rio Grande do Sul 1,488,252
92%
Recife Pernambuco 1,653,461
92%
São Luís Maranhão 1,108,975
92%
Belém Pará 1,499,641
85%
Salvador Bahia 2,886,698
85%
Cuiabá Mato Grosso 618,124
77%
Goiânia Goiás 1,536,097
77%
Natal Rio Grande do Norte 896,708
77%
Teresina Piauí 871,126
77%
Campo Grande Mato Grosso do Sul 906,092
69%
Boa Vista Roraima 419,652
62%
Florianópolis Santa Catarina 508,826
62%
João Pessoa Paraíba 817,511
62%
Maceió Alagoas 1,031,597
62%
Palmas Tocantins 306,296
62%
Rio Branco Acre 419,452
62%
Aracaju Sergipe 664,908
54%
Macapá Amapá 512,902
54%
Porto Velho Rondônia 548,952
46%
Vitória Espírito Santo 365,855
46%
No matching quizzes found
Score Distribution
Percent of People with Each Score
Percentile by Number Answered
Your Score History
You have not taken this quiz since the last reset